000 00390nam a2200157 4500
001 44688
090 _a44688
100 _a20250829 pory50
101 _aing
102 _aING
200 _aGods and Myths of Ancient Greece
_fMary Barnett
_gfot. Michael Dixon
210 _aLondon
_cBrockhampton Press
_d[cop. 1996]
215 _a112 p.
675 _a94(38)
801 _aPT
_gRPC
990 _cLIVROS